000 00299nam a22001337a 4500
008 180921b xxu||||| |||| 00| 0 eng d
020 _a0205389198
041 _aeng
080 _a37
100 _a25
101 _aEDU
245 _aGrant Writing in higher education
_cHenson,K.T
942 _2udc
_cBK
999 _c48180
_d48180